Tuyển tập công trình Hội nghị cơ học toàn quốc lần thứ 4 Hà Nội 1988

Sparad:
Bibliografiska uppgifter
Huvudupphovsman: Hội Cơ học Việt Nam
Materialtyp: Bok
Språk:Undetermined
Publicerad: Hà Nội 1988
Ämnen:
Taggar: Lägg till en tagg
Inga taggar, Lägg till första taggen!
Thư viện lưu trữ: Trung tâm Học liệu Trường Đại học Cần Thơ
LEADER 00546nam a2200169Ia 4500
001 CTU_2530
008 210402s9999 xx 000 0 und d
082 |a 531.072 
082 |b H452/T3 
100 |a Hội Cơ học Việt Nam 
245 0 |a Tuyển tập công trình Hội nghị cơ học toàn quốc lần thứ 4 
245 0 |b Hà Nội 1988 
245 0 |c Hội Cơ học Việt Nam 
260 |a Hà Nội 
260 |c 1988 
650 |a mechanics 
980 |a Trung tâm Học liệu Trường Đại học Cần Thơ